|
|
|
|
| LEADER |
01357nab#a2200457#ar4500 |
| 001 |
000110212 |
| 003 |
SVKKK |
| 005 |
20130416074854.0 |
| 008 |
130416c2012 xo |||||||||||||||b|eng |
| FMT |
|
|
|
| 015 |
|
|
|a SNBRB2013/04
|
| 038 |
|
|
|a SVKKK
|
| 040 |
|
|
|a SVKKK
|b slo
|e AACR2
|
| 041 |
0 |
|
|a eng
|b eng
|
| 044 |
|
|
|a xo
|c SK
|
| 080 |
|
|
|a 556.168
|x (437.6)
|2 2008
|
| 242 |
1 |
0 |
|a Vplyv štruktúry modelu na stanovenie veľkosti podzemného odtoku využitím modelov BILAN, FRIER a HBV-light
|
| 245 |
1 |
0 |
|a Influence of model structure on base flow estimation using BILAN, FRIER and HBV-light models
|c Andrej Machlica ... [et al.]
|
| 300 |
|
|
|b Obr., tab.
|
| 504 |
|
|
|a Bibliogr. odkazy
|
| 504 |
|
|
|a Res. angl.
|
| 650 |
0 |
4 |
|a podzemný odtok
|
| 650 |
0 |
4 |
|a simulácie
|
| 650 |
0 |
4 |
|a hydrologické modely
|
| 651 |
|
4 |
|a Nitra (Slovensko : povodie)
|
| 700 |
1 |
|
|a Machlica, Andrej
|4 aut
|
| 700 |
1 |
|
|a Horvát, Oliver
|4 aut
|
| 700 |
1 |
|
|a Horáček, Stanislav
|4 aut
|
| 700 |
1 |
|
|a Oosterwijk, Jacob
|4 aut
|
| 700 |
1 |
|
|a Loon, Anne F.
|4 aut
|
| 700 |
1 |
|
|a Fendeková, Miriam
|4 aut
|
| 700 |
1 |
|
|a Lanen, Henny A. J.
|4 aut
|
| 773 |
0 |
|
|t Journal of hydrology and hydromechanics
|g Roč. 60, č. 4 (2012), s. 242-251
|x 0042-790X
|
| 958 |
|
|
|a NB
|
| 958 |
|
|
|a SK
|
| 974 |
|
|
|a Ma
|
| 992 |
|
|
|a RBX
|
| BAS |
|
|
|
| 852 |
|
|
|a SVKKK
|b BIB
|
| EXP |
|
|
|
| 998 |
|
|
|a GEO
|